The Changing structure of infrastructure finance /

Bibliographic Details
Corporate Author: Lincoln Institute of Land Policy
Other Authors: Nicholas, James C.
Format: Book
Language:English
Published: Cambridge, Mass. : Lincoln Institute of Land Policy, [1985]
Series:Lincoln Institute monograph ; 85-5.
Subjects:

MARC

Tag First Indicator Second Indicator Subfields
LEADER 00000cam a2200000 a 4500
001 in00000034124
005 20151007055215.0
008 860109s1985 maud b 00000 eng d
020 |c $15.00 (pbk.) 
035 |a (OCoLC)12993292 
035 |9 AAB7574AM 
040 |a IBF  |c IBF  |d m/c  |d TXA  |d UtOrBLW 
043 |a n-us---  |a n-us-fl 
049 |a TXAM  |c [A11646696] 
050 4 |a HC79.C3  |b C54 1985 
245 0 4 |a The Changing structure of infrastructure finance /  |c edited by James C. Nicholas. 
264 1 |a Cambridge, Mass. :  |b Lincoln Institute of Land Policy,  |c [1985] 
300 |a xii, 98 pages :  |b charts ;  |c 23 cm. 
336 |a text  |b txt  |2 rdacontent 
337 |a unmediated  |b n  |2 rdamedia 
338 |a volume  |b nc  |2 rdacarrier 
490 1 |a Lincoln Institute of Land Policy monograph ;  |v 85-5 
504 |a Includes bibliographies. 
650 0 |a Infrastructure (Economics)  |z United States  |x Finance. 
650 0 |a Infrastructure (Economics)  |z Florida  |x Finance. 
650 0 |a Public works  |z United States  |x Finance. 
650 0 |a Capital investments  |z United States. 
700 1 |a Nicholas, James C. 
710 2 |a Lincoln Institute of Land Policy. 
830 0 |a Lincoln Institute monograph ;  |v 85-5. 
999 |a MARS 
999 f f |s 6f569b0b-0ccc-3fad-802b-8759caf01f6e  |i eaefec5f-c080-3ec2-b321-a139c73c4895  |t 0 
952 f f |p ric  |a Texas A&M University  |b Rellis Campus  |c Joint Library Facility  |d Remote Storage  |t 0  |e HC79.C3 C54 1985  |h Library of Congress classification  |i unmediated -- volume  |m A14811646696 
998 f f |a HC79.C3 C54 1985  |t 0  |l Remote Storage